00660 2200241 4500001002100000005001700021008004100038020001800079035002400097041000800121043001200129082001300141090002300154100001700177245005300194250001000247260003300257300003700290500002700327650003100354850001200385999002100397YOGYA-0511000000060120161011111758.0 ind  a979-3289-49-x 0010-051100000000601 aInd aYOPDYOG a658.4038 aDEP 658.4038 Edh S aEDHY SUTANTA aSistem informasi manajemenc/ oleh, Edhy Sutanta aCet.1 aYogyakartabGraha Ilmuc2003 axv, (319) hlm.b: ilus.c; 23 cm aBibliografi : hlm. 319 aSistem informasi manajemen aYOPDYOG aCB-D.11/2003-348